Introduction à l'historiographie (notice n° 2140492)
[ vue normale ]
| 000 -LEADER | |
|---|---|
| fixed length control field | 01081cam a2200133 4500500 |
| 005 - DATE AND TIME OF LATEST TRANSACTION | |
| control field | 20260405024658.0 |
| 041 ## - LANGUAGE CODE | |
| Language code of text/sound track or separate title | fre |
| 042 ## - AUTHENTICATION CODE | |
| Authentication code | dc |
| 100 10 - MAIN ENTRY--PERSONAL NAME | |
| Personal name | Caire-Jabinet, |
| Relator term | author |
| 245 00 - TITLE STATEMENT | |
| Title | Introduction à l'historiographie |
| 260 ## - PUBLICATION, DISTRIBUTION, ETC. | |
| Name of publisher, distributor, etc. | Armand Colin,<br/> |
| Date of publication, distribution, etc. | 2020.<br/> |
| 520 ## - SUMMARY, ETC. | |
| Summary, etc. | Histoire de l’Histoire, l’historiographie analyse la manière dont chaque époque écrit l’Histoire, la comprend et l’utilise. Cet ouvrage permet de comprendre l'évolution du rôle de l'étude de l'histoire en France de la période médiévale à nos jours et présente les plus récentes orientations d'analyse historique : l’histoire comme « roman national », les migrations, le genre dans l'histoire... Un livre indispensable pour découvrir les grands mouvements historiographiques et les grandes figures qui ont marqué la discipline et pour mesurer le poids de l'histoire dans la construction politique et idéologique de la France au fil des siècles. |
| 856 41 - ELECTRONIC LOCATION AND ACCESS | |
| Uniform Resource Identifier | <a href="https://shs.cairn.info/introduction-a-l-historiographie--9782200626907?lang=fr&redirect-ssocas=7080">https://shs.cairn.info/introduction-a-l-historiographie--9782200626907?lang=fr&redirect-ssocas=7080</a> |
Pas d'exemplaire disponible.




Réseaux sociaux